Loading...
| Fine Arts - Auditory | 2 | 5.00 | 0% | 100% | 0% |
| Fine Arts - Other | 4 | 10.00 | 100% | 0% | 150% |
| Fine Arts - Visual | 4 | 12.50 | 100% | 150% | 50% |
| Geography | 1 | 30.00 | 400% | 200% | 200% |
| History - American | 2 | 5.00 | 200% | 0% | 0% |
| History - European | 2 | 10.00 | 200% | 100% | 0% |
| History - Other | 1 | 10.00 | 0% | 0% | 200% |
| History - World | 3 | 3.33 | 0% | 67% | 0% |
| Literature - American | 2 | 10.00 | 200% | 0% | 100% |
| Literature - British | 3 | 20.00 | 400% | 0% | 200% |
| Literature - European | 5 | 8.00 | 160% | 80% | 0% |
| Mythology | 2 | 10.00 | 0% | 100% | 100% |
| Philosophy | 1 | 20.00 | 400% | 0% | 200% |
| Pop Culture | 1 | 0.00 | 0% | 0% | 0% |
| Religion | 3 | 6.67 | 0% | 0% | 133% |
| Science - Biology | 3 | 6.67 | 133% | 0% | 67% |
| Science - Chemistry | 2 | 0.00 | 0% | 0% | 0% |
| Science - Other | 1 | 10.00 | 400% | 0% | 0% |
| Science - Physics | 3 | 6.67 | 0% | 133% | 0% |
| Social Science | 2 | 10.00 | 0% | 100% | 100% |